| 000 | 01102cam a2200313 i 4500 | ||
|---|---|---|---|
| 999 |
_c200447043 _d65255 |
||
| 001 | 200447043 | ||
| 003 | TR-AnTOB | ||
| 005 | 20220908133647.0 | ||
| 007 | ta | ||
| 008 | 071218s2000 tu 10000 tur | ||
| 040 |
_aGAZIU _beng _erda _cGAZIU _dTR-AnTOB |
||
| 041 | 0 | _atur | |
| 050 | 4 |
_aQ127.T9 _bB55 2000 |
|
| 090 |
_aQ127.T9 _bB55 2000 |
||
| 245 | 1 | 0 |
_aAltıncı Bilim ve Teknoloji Yüksek Kurulu toplantısı : _b13 Aralık 2000 kararlar ve ilgili dokümanlar. |
| 246 | 3 | 0 | _a6. Bilim ve Teknoloji Yüksek Kurulu Toplantısı |
| 264 | 1 |
_aAnkara : _bTÜBİTAK, _c2001. |
|
| 300 |
_a93 pages ; _c30 cm |
||
| 336 |
_2rdacontent _atext _btxt |
||
| 337 |
_2rdamedia _aunmediated _bn |
||
| 338 |
_2rdacarrier _avolume _bnc |
||
| 490 | 0 |
_aPolitika stratejisi çalışmaları TÜBİTAK BTP ; _v01/01 |
|
| 650 | 7 |
_aBilim ve devlet _zTürkiye _vKongreler _2etuturkob _952043 |
|
| 650 | 7 |
_aTeknoloji ve devlet _zTürkiye _vKongreler _2etuturkob _985521 |
|
| 710 | 2 |
_aTürkiye Bilimsel ve Teknolojik Araştırma Kurumu _970794 |
|
| 942 |
_2lcc _cBK |
||